| 000 | 00560nam a2200193 a 4500 | ||
|---|---|---|---|
| 005 | 20241109063727.0 | ||
| 008 | 030409s2002 mx r 000 0 spa d | ||
| 020 | _a9701506960 | ||
| 035 | _aUPN01000123706 | ||
| 049 | _aCG | ||
| 050 | 4 |
_aJC571 _bG6.4 |
|
| 100 | 1 | _aGonzález, Nazario | |
| 245 | 1 | 4 |
_aLos derechos humanos en la historia / _cNazario González. |
| 260 |
_aMéxico : _bAlfaomega : _bUAB, _cc2002. |
||
| 300 | _a290 p. | ||
| 650 | 2 |
_aDerechos civiles _xInterpretación y construcción _97718 |
|
| 650 | 4 |
_aDerechos humanos _95797 |
|
| 905 | _aLibro | ||
| 999 |
_c95885 _d95885 |
||